El Canuck's Retro Video Game Trivia #1 - Statistics

General Stats
  • This quiz has been taken 95 times
  • The average score is 9 of 15
Answer Stats
Hint Answer % Correct
Who was Donkey Kong's sidekick in the first Donkey Kong Country? Diddy Kong
91%
This game about hunting waterfowl with an annoying dog and shooting clay pigeons usually came bundled with Mario Bros. 1. Duck Hunt
89%
Now a regular fixture in multiplayer Mario games, this character got her start as the damsel in distress in Mario Land 1 on the Game Boy. Princess Daisy
86%
This Sega Gensis game based on a Disney movie about a boy and his genie was outsold by only the first two Sonic the Hedgehog games. Aladdin
85%
This classic first person shooter game released in 1993 has you take control of an unnamed Space Marine as he fights off hordes of demons straight out of hell. Doom
85%
In the NES versions of "Punch-Out!" this timid boxer is your first opponent: Glass Joe
77%
Blanka of Street Fighter fame hails from this country: Brazil
63%
After the success of Goldeneye 007, Rare released this futuristic first person shooter starring a female lead for the N64: Perfect Dark
58%
This town in the first generation of Pokemon games (Red/Blue/Green/Yellow) is where your adventure begins. Pallet Town
53%
This NHL Hall of Fame star has had video games featuring his name on the NES, SNES and N64. Wayne Gretzky
48%
This Sega Genesis exclusive series featured a pair of funky aliens trying to rebuild their space craft so they can leave Earth. ToeJam and Earl
44%
A Playstation RPG series by Konami that feautured over 108 recruitable characters, known as the 108 Stars of Destiny. Suikoden
21%
This PlayStation 1 original series featured a wild looking guy with bright pink hair. His quest? To retrieve his grandpa's bangle from the evil pigs who stole it. Tomba
21%
This NES fighting game is known for declaring "A Winner is You!" after you successfully defend your championship against all comers. Pro Wrestling
20%
In Final Fantasy VI, this blonde, reclusive, monk-style fighter and brother of Edgar is recruited in Mt. Kolts: Sabin Figaro
20%
No matching quizzes found
Score Distribution
Percent of People with Each Score
Percentile by Number Answered
Your Score History
You have not taken this quiz